[Event "Reykjavik op"]
[Site "Reykjavik"]
[Date "2024.03.20"]
[Round "8"]
[White "Gulbinski, Michal"]
[Black "Doran, Chris"]
[Result "0-1"]
[WhiteElo "1671"]
[BlackElo "1947"]
[PlyCount "66"]
[EventDate "2024.03.15"]
[EventType "swiss"]
[EventRounds "9"]
[EventCountry "ISL"]
[SourceTitle "CB13_2024"]
[SourceDate "2024.03.27"]
[SourceVersion "1"]
[SourceVersionDate "2024.03.27"]
[SourceQuality "1"]

1. d4 Nf6 2. Nf3 g6 3. Bf4 Bg7 4. h3 c5 5. c3 cxd4 6. cxd4 d6 7. Nc3 0-0 8. e3 b6 9. Be2 Bb7 10. 0-0 Nd5 11. Nxd5 Bxd5 12. Bh2 Qd7 13. a4 Qb7 14. Re1 Nc6 15. Bf1 Nb4 16. Qd2 a5 17. Rec1 h6 18. Ne1 Na2 19. Rd1 Rac8 20. e4 Bb3 21. Rdb1 Qxe4 22. Nf3 Rc2 23. Re1 Rxd2 24. Rxe4 Rxb2 25. Rxe7 Rd8 26. Rb7 Bd5 27. Rc7 Bxf3 28. gxf3 Bxd4 29. Bc4 d5 30. Bxa2 Rxf2 31. Rd1 Rd2+ 32. Kf1 Rxd1+ 33. Ke2 Ra1 0-1

[Event "Reykjavik op"]
[Site "Reykjavik"]
[Date "2024.03.18"]
[Round "6"]
[White "Arun, Rahul"]
[Black "Doran, Chris"]
[Result "0-1"]
[WhiteElo "1693"]
[BlackElo "1947"]
[PlyCount "70"]
[EventDate "2024.03.15"]
[EventType "swiss"]
[EventRounds "9"]
[EventCountry "ISL"]
[SourceTitle "CB13_2024"]
[SourceDate "2024.03.27"]
[SourceVersion "1"]
[SourceVersionDate "2024.03.27"]
[SourceQuality "1"]

1. d4 Nf6 2. c4 g6 3. Nc3 Bg7 4. e4 d6 5. Nf3 0-0 6. Be2 e5 7. 0-0 Nc6 8. d5 Ne7 9. b4 Ne8 10. c5 f5 11. Nd2 fxe4 12. Ndxe4 Nf5 13. Bc4 h6 14. Rb1 Nd4 15. Ne2 Qh4 16. f3 Bf5 17. g3 Nxf3+ 18. Rxf3 Qxe4 19. Qd3 Qg4 20. Rxf5 Qxf5 21. Qxf5 gxf5 22. Be3 Nf6 23. Nc3 a6 24. a4 Ng4 25. Bd2 e4 26. Ne2 Ne5 27. Ba2 Nf3+ 28. Kf2 Nxd2 29. Rd1 Nf3 30. h3 Be5 31. c6 b6 32. Bb3 Kg7 33. Ke3 Rg8 34. Kf2 Kf6 35. Rb1 Nd2 0-1

[Event "Reykjavik op"]
[Site "Reykjavik"]
[Date "2024.03.17"]
[Round "4"]
[White "Olsen, Rogvi Heinason"]
[Black "Doran, Chris"]
[Result "0-1"]
[WhiteElo "1710"]
[BlackElo "1947"]
[PlyCount "49"]
[EventDate "2024.03.15"]
[EventType "swiss"]
[EventRounds "9"]
[EventCountry "ISL"]
[SourceTitle "CB13_2024"]
[SourceDate "2024.03.27"]
[SourceVersion "1"]
[SourceVersionDate "2024.03.27"]
[SourceQuality "1"]

1. d4 Nf6 2. c4 g6 3. Nc3 Bg7 4. e4 d6 5. Nf3 0-0 6. Be2 e5 7. 0-0 Nc6 8. d5 Ne7 9. b4 Ne8 10. c5 f5 11. Nd2 fxe4 12. Ndxe4 Nf5 13. Bg5 Nf6 14. Rc1 Nd4 15. cxd6 cxd6 16. Qd2 Bf5 17. Nxf6+ Bxf6 18. Be3 a6 19. Bd3 Qd7 20. Bxf5 Qxf5 21. f4 Qh5 22. Rce1 Nf5 23. Nd1 Ne7 24. Rf3 exf4 25. Bxf4 0-1

[Event "Reykjavik op"]
[Site "Reykjavik"]
[Date "2024.03.16"]
[Round "2"]
[White "Winnubst, Paul"]
[Black "Doran, Chris"]
[Result "1-0"]
[WhiteElo "1681"]
[BlackElo "1947"]
[PlyCount "76"]
[EventDate "2024.03.15"]
[EventType "swiss"]
[EventRounds "9"]
[EventCountry "ISL"]
[SourceTitle "CB13_2024"]
[SourceDate "2024.03.27"]
[SourceVersion "1"]
[SourceVersionDate "2024.03.27"]
[SourceQuality "1"]

1. d4 Nf6 2. c4 g6 3. Nc3 Bg7 4. e4 d6 5. Nf3 0-0 6. Be2 e5 7. Be3 exd4 8. Nxd4 Re8 9. Qc2 Ng4 10. Bxg4 Bxg4 11. 0-0 c6 12. h3 Bd7 13. f4 a5 14. Qf2 Na6 15. Rad1 Qc7 16. f5 Nc5 17. Qf3 a4 18. Nde2 b6 19. Bd4 Bxd4+ 20. Rxd4 Bc8 21. Qf4 Qe7 22. f6 Qe5 23. Qh6 Ne6 24. Rfd1 Qxf6 25. Rxd6 Bb7 26. Rd7 Nc5 27. Rf1 Nxd7 28. Rxf6 Nxf6 29. Ng3 Re6 30. Qf4 Rae8 31. Qc7 R8e7 32. Qxb6 h5 33. h4 c5 34. Qxc5 Nxe4 35. Ngxe4 Bxe4 36. Nxa4 Bb7 37. Nc3 Re1+ 38. Kh2 R7e5 1-0

[Event "BCF-chT2 2223 (4NCL)"]
[Site "England"]
[Date "2023.04.30"]
[Round "10.66"]
[White "Stubbs, Oliver"]
[Black "Doran, Chris"]
[Result "1-0"]
[WhiteElo "2195"]
[BlackElo "2016"]
[PlyCount "123"]
[EventDate "2022.10.22"]
[EventType "team-tourn"]
[EventRounds "11"]
[EventCountry "ENG"]
[SourceTitle "EXT 2024"]
[Source "ChessBase"]
[SourceDate "2023.10.10"]
[SourceVersion "1"]
[SourceVersionDate "2023.10.10"]
[SourceQuality "1"]
[WhiteTeam "North East England"]
[BlackTeam "Spirit of Atticus"]
[WhiteTeamCountry "ENG"]
[BlackTeamCountry "ENG"]

1. d4 Nf6 2. Nf3 g6 3. Bf4 Bg7 4. e3 d6 5. h3 c5 6. Nbd2 0-0 7. Be2 b6 8. 0-0 Bb7 9. c3 Nbd7 10. a4 a6 11. Bh2 Qc7 12. Re1 Rac8 13. Bf1 Qb8 14. e4 Qa8 15. Qe2 Ne8 16. e5 dxe5 17. dxe5 e6 18. Qc4 Nc7 19. Qh4 Rce8 20. Rad1 Qd8 21. Qg4 Nd5 22. Nc4 Qc7 23. Nd6 Rb8 24. Nxb7 Qxb7 25. Ng5 h6 26. Nf3 b5 27. axb5 axb5 28. Bd3 Rbe8 29. h4 h5 30. Qh3 Ne7 31. Ng5 c4 32. Bc2 Nc5 33. Ne4 Nxe4 34. Bxe4 Qc7 35. Bf4 Nc6 36. Qg3 Ne7 37. Rd6 Qc5 38. Qg5 b4 39. Red1 bxc3 40. bxc3 Nf5 41. Bxf5 gxf5 42. Qxh5 Bxe5 43. R1d5 Qxd5 44. Rxd5 Bxf4 45. Rc5 Rc8 46. Rxc8 Rxc8 47. g4 Be5 48. gxf5 exf5 49. Qxf5 Re8 50. Qg4+ Kf8 51. Qxc4 f6 52. Kg2 Re7 53. Qd3 Rc7 54. c4 Ke7 55. Qe2 Kd6 56. h5 Rg7+ 57. Kf3 Rg5 58. Qd3+ Ke6 59. h6 f5 60. Qd5+ Kf6 61. Qd8+ Kg6 62. Qe8+ 1-0

[Event "Reykjavik op"]
[Site "Reykjavik"]
[Date "2023.03.31"]
[Round "4"]
[White "Doran, Chris"]
[Black "Fitzsimons, David"]
[Result "0-1"]
[WhiteElo "1918"]
[BlackElo "2338"]
[PlyCount "134"]
[EventDate "2023.03.29"]
[EventType "swiss"]
[EventRounds "9"]
[EventCountry "ISL"]
[SourceTitle "CBM 213 Extra"]
[Source "ChessBase"]
[SourceDate "2023.05.31"]
[SourceVersion "1"]
[SourceVersionDate "2023.05.31"]
[SourceQuality "1"]

1. e4 c6 2. d4 d5 3. e5 c5 4. c4 cxd4 5. Qxd4 Nc6 6. Qxd5 Bf5 7. Nf3 e6 8. Qb5 a6 9. Qa4 Bc5 10. Be2 Nge7 11. 0-0 0-0 12. Bf4 Ng6 13. Bg3 Nd4 14. Nxd4 Qxd4 15. Nc3 Nxe5 16. Rad1 Nd3 17. Qb3 Rfd8 18. Na4 Rac8 19. Nxc5 Rxc5 20. Qxb7 Qxc4 21. Qb6 Rcd5 22. b3 Qb5 23. Qxb5 axb5 24. Bxd3 Bxd3 25. Rfe1 Ra8 26. Rd2 Be4 27. Rxd5 Bxd5 28. a4 bxa4 29. bxa4 Rxa4 30. h3 f6 31. f3 Ra2 32. Rc1 e5 33. Rc7 h5 34. h4 Kh7 35. Rd7 Rd2 36. Re7 Bc4 37. f4 Bd5 38. Bf2 exf4 39. Rd7 Kh6 40. Rd6 Kg6 41. Rd7 Rd1+ 42. Kh2 Rf1 43. Bc5 Bf7 44. Bf8 f3 45. g4 Rf2+ 46. Kh3 hxg4+ 47. Kxg4 Rh2 48. Kg3 Rh1 49. Rd2 Be6 50. Rh2 Rf1 51. Rf2 Rg1+ 52. Kf4 Rg4+ 53. Kxf3 Rxh4 54. Ke3 Kf7 55. Bd6 g5 56. Be5 f5 57. Bb2 Kg6 58. Rd2 Re4+ 59. Kf2 f4 60. Re2 Kf5 61. Rxe4 Kxe4 62. Ba3 g4 63. Bc1 g3+ 64. Kg2 Kf5 65. Bd2 Kg4 66. Be1 f3+ 67. Kg1 Bc4 0-1

[Event "Reykjavik op"]
[Site "Reykjavik"]
[Date "2023.03.30"]
[Round "2"]
[White "Doran, Chris"]
[Black "Leonard, Timo"]
[Result "0-1"]
[WhiteElo "1918"]
[BlackElo "2196"]
[PlyCount "46"]
[EventDate "2023.03.29"]
[EventType "swiss"]
[EventRounds "9"]
[EventCountry "ISL"]
[SourceTitle "CBM 213 Extra"]
[Source "ChessBase"]
[SourceDate "2023.05.31"]
[SourceVersion "1"]
[SourceVersionDate "2023.05.31"]
[SourceQuality "1"]

1. e4 e6 2. d4 d5 3. Nd2 c5 4. Ngf3 cxd4 5. Nxd4 Nc6 6. Nxc6 bxc6 7. Bd3 Bd6 8. Nf3 Qc7 9. 0-0 Nf6 10. exd5 cxd5 11. Re1 0-0 12. Qe2 e5 13. Nxe5 Re8 14. f4 Ng4 15. h3 Bxe5 16. fxe5 Rxe5 17. Qf1 Rxe1 18. Qxe1 Qh2+ 19. Kf1 Qh1+ 20. Ke2 Qxg2+ 21. Kd1 Nf2+ 22. Kd2 Nxd3+ 23. Kxd3 Bf5+ 0-1

[Event "BCF-chT2 2223 (4NCL)"]
[Site "England"]
[Date "2023.03.19"]
[Round "8.66"]
[White "Gibson, Christopher A"]
[Black "Doran, Chris"]
[Result "0-1"]
[WhiteElo "1842"]
[BlackElo "2016"]
[PlyCount "100"]
[EventDate "2022.10.22"]
[EventType "team-tourn"]
[EventRounds "11"]
[EventCountry "ENG"]
[SourceTitle "EXT 2024"]
[Source "ChessBase"]
[SourceDate "2023.10.10"]
[SourceVersion "1"]
[SourceVersionDate "2023.10.10"]
[SourceQuality "1"]
[WhiteTeam "The Rookies"]
[BlackTeam "Spirit of Atticus"]
[WhiteTeamCountry "ENG"]
[BlackTeamCountry "ENG"]

1. e4 c5 2. c3 Nf6 3. e5 Nd5 4. Nf3 Nc6 5. Bc4 Nb6 6. Bb3 d5 7. exd6 Qxd6 8. 0-0 c4 9. Bc2 Bg4 10. Re1 Rd8 11. b3 Qf6 12. bxc4 Bxf3 13. Qxf3 Qxf3 14. gxf3 Nxc4 15. d4 e6 16. f4 g6 17. f5 gxf5 18. Bxf5 Be7 19. Be4 Nd6 20. Bf3 Nf5 21. Nd2 h5 22. Nc4 Nh4 23. Bh1 Kf8 24. Rb1 Rd7 25. a4 Ng6 26. f4 Kg7 27. Re2 Rc8 28. Nb2 Bf6 29. Nd3 Rdc7 30. Bd2 b6 31. Ne5 Ncxe5 32. fxe5 Bh4 33. Bf3 Rh8 34. Ra1 Kf8 35. a5 bxa5 36. Be4 Rg8 37. Kf1 Be7 38. Be1 Nf4 39. Rea2 Nh3 40. Bg2 Nf4 41. Be4 Nh3 42. Rg2 Ng5 43. Rb1 Rc8 44. Bd2 f5 45. exf6 Nxe4 46. Bh6+ Kf7 47. Rxg8 Rxg8 48. fxe7 Re8 49. Bf8 Nd2+ 50. Ke2 Nxb1 0-1

[Event "BCF-chT2 2223 (4NCL)"]
[Site "England"]
[Date "2023.01.14"]
[Round "3.58"]
[White "Doran, Chris"]
[Black "Ursell, Adam R"]
[Result "0-1"]
[WhiteElo "2016"]
[BlackElo "1920"]
[PlyCount "122"]
[EventDate "2022.10.22"]
[EventType "team-tourn"]
[EventRounds "11"]
[EventCountry "ENG"]
[SourceTitle "EXT 2024"]
[Source "ChessBase"]
[SourceDate "2023.10.10"]
[SourceVersion "1"]
[SourceVersionDate "2023.10.10"]
[SourceQuality "1"]
[WhiteTeam "Spirit of Atticus"]
[BlackTeam "Sussex Martlets"]
[WhiteTeamCountry "ENG"]
[BlackTeamCountry "ENG"]

1. e4 c6 2. d4 d5 3. e5 c5 4. c4 cxd4 5. Qxd4 e6 6. cxd5 Nc6 7. Qf4 Qxd5 8. Nf3 Nb4 9. Bc4 Nc2+ 10. Ke2 Qc6 11. Nc3 a6 12. Rb1 b5 13. Bb3 Nb4 14. Be3 Qc7 15. Ne4 Nd5 16. Bxd5 Qc2+ 17. Nfd2 exd5 18. Nc3 Be6 19. Rhc1 Qg6 20. Kf1 Nh6 21. Nf3 Be7 22. Nd4 0-0 23. Nc6 Nf5 24. Nxe7+ Nxe7 25. Bc5 Qd3+ 26. Kg1 Ng6 27. Qb4 Rfc8 28. Re1 Qc4 29. Bd6 Nf4 30. Rbd1 Nd3 31. Qxc4 dxc4 32. Re2 h6 33. a3 Rd8 34. Ne4 Nxe5 35. Nc5 Nd3 36. Nxe6 Rxd6 37. Nc5 Rd5 38. Nxd3 cxd3 39. Red2 Rad8 40. f3 f5 41. Kf2 f4 42. Rc1 Kf7 43. g4 Ke6 44. Rc6+ R8d6 45. Rc7 g5 46. Rh7 Ke5 47. Re7+ Kd4 48. Re4+ Kc5 49. Re1 Rd4 50. Red1 b4 51. axb4+ Kxb4 52. Ra1 Rc4 53. Ra3 Rc2 54. Ke1 Rxb2 55. Rdxd3 Rc6 56. Kd1 a5 57. h3 a4 58. Ra1 Rh2 59. Rd4+ Kc3 60. Rdxa4 Rd6+ 61. Ke1 Rh1+ 0-1

[Event "BCF-chT2 2223 (4NCL)"]
[Site "England"]
[Date "2022.10.22"]
[Round "1.37"]
[White "Pert, Nina P"]
[Black "Doran, Chris"]
[Result "0-1"]
[WhiteElo "2150"]
[BlackElo "2016"]
[PlyCount "64"]
[EventDate "2022.10.22"]
[EventType "team-tourn"]
[EventRounds "11"]
[EventCountry "ENG"]
[SourceTitle "EXT 2024"]
[Source "ChessBase"]
[SourceDate "2023.10.10"]
[SourceVersion "1"]
[SourceVersionDate "2023.10.10"]
[SourceQuality "1"]
[WhiteTeam "Barbican"]
[BlackTeam "Spirit of Atticus"]
[WhiteTeamCountry "ENG"]
[BlackTeamCountry "ENG"]

1. e4 c5 2. Nc3 Nc6 3. Nf3 g6 4. d4 cxd4 5. Nxd4 Bg7 6. Be3 d6 7. Qd2 Nf6 8. f3 0-0 9. 0-0-0 Bd7 10. h4 Rc8 11. Kb1 Ne5 12. h5 Nxh5 13. Bh6 Bxh6 14. Qxh6 Rxc3 15. bxc3 Qa5 16. g4 Nf6 17. Be2 Qxc3 18. Rh3 Nc4 19. Bxc4 Qxc4 20. Nf5 Bxf5 21. gxf5 Rc8 22. Qd2 Rc6 23. fxg6 fxg6 24. Qd3 Rb6+ 25. Ka1 Qc5 26. f4 Kg7 27. c3 Qf2 28. Qd2 Nxe4 29. Qc1 Nc5 30. c4 Ne4 31. f5 g5 32. Rdh1 Qd4+ 0-1

[Event "BCF-chT3N 1920 (4NCL)"]
[Site "England"]
[Date "2020.02.09"]
[Round "6.56"]
[White "Lamb, Ian"]
[Black "Doran, Chris"]
[Result "0-1"]
[WhiteElo "1742"]
[BlackElo "2012"]
[PlyCount "60"]
[EventDate "2019.11.09"]
[EventType "team-swiss"]
[EventRounds "11"]
[EventCountry "ENG"]
[SourceTitle "EXT 2022"]
[Source "ChessBase"]
[SourceDate "2021.10.06"]
[SourceVersion "1"]
[SourceVersionDate "2021.10.06"]
[SourceQuality "1"]
[WhiteTeam "Bolton & Worsley"]
[BlackTeam "J'Adoube"]
[WhiteTeamCountry "ENG"]
[BlackTeamCountry "ENG"]

1. Nf3 Nf6 2. c4 g6 3. Nc3 Bg7 4. e4 d6 5. d4 0-0 6. h3 e5 7. d5 a5 8. Bg5 Na6 9. Be2 Nc5 10. Nd2 Bd7 11. g4 c6 12. Qc2 a4 13. Rg1 Qa5 14. Be3 cxd5 15. cxd5 Rfc8 16. Nc4 Qc7 17. f3 b5 18. Nd2 Qb8 19. Qd1 b4 20. Ncb1 Bb5 21. Bxc5 Rxc5 22. Nf1 Bxe2 23. Qxe2 Qb6 24. Ne3 Rc1+ 25. Kf2 Rxg1 26. Kxg1 Bh6 27. Kf2 Rc8 28. Nd2 Rc2 29. b3 Bxe3+ 30. Qxe3 Rxd2+ 0-1

[Event "BCF-chT3N 1920 (4NCL)"]
[Site "England"]
[Date "2020.02.08"]
[Round "5.56"]
[White "Doran, Chris"]
[Black "Wilson, Jeff"]
[Result "1-0"]
[WhiteElo "2012"]
[BlackElo "1319"]
[PlyCount "77"]
[EventDate "2019.11.09"]
[EventType "team-swiss"]
[EventRounds "11"]
[EventCountry "ENG"]
[SourceTitle "EXT 2022"]
[Source "ChessBase"]
[SourceDate "2021.10.06"]
[SourceVersion "1"]
[SourceVersionDate "2021.10.06"]
[SourceQuality "1"]
[WhiteTeam "J'Adoube"]
[BlackTeam "Manchester Manticores IV"]
[WhiteTeamCountry "ENG"]
[BlackTeamCountry "ENG"]

1. e4 e5 2. Nf3 Nc6 3. Bb5 a6 4. Ba4 Nf6 5. 0-0 Be7 6. Re1 b5 7. Bb3 d6 8. c3 Nb8 9. d4 Nbd7 10. Nbd2 c5 11. Nf1 0-0 12. Ng3 g6 13. h3 Re8 14. a4 c4 15. Bc2 Bb7 16. b3 Qc7 17. bxc4 Qxc4 18. Bb2 h6 19. Bb3 Qc7 20. axb5 axb5 21. Rxa8 Rxa8 22. Qd2 Kg7 23. Nh4 Rh8 24. Ba3 Ng8 25. Nf3 Nb6 26. Bb4 Nc4 27. Qd3 Nf6 28. dxe5 dxe5 29. Bxe7 Qxe7 30. Bxc4 bxc4 31. Qxc4 Rc8 32. Qb4 Qxb4 33. cxb4 Rc4 34. Rb1 Nd7 35. Nd2 Rd4 36. Rb2 Kf6 37. f3 Ke6 38. Kf2 Nb8 39. Nb3 1-0

[Event "Harrogate 4NCL op-A 21st"]
[Site "Harrogate"]
[Date "2019.01.19"]
[Round "3"]
[White "Doran, Chris"]
[Black "Middleton, Tom"]
[Result "1-0"]
[WhiteElo "1950"]
[BlackElo "1970"]
[PlyCount "59"]
[EventDate "2019.01.18"]
[EventType "swiss"]
[EventRounds "5"]
[EventCountry "ENG"]
[SourceTitle "CBM 188 Extra"]
[Source "ChessBase"]
[SourceDate "2019.02.26"]
[SourceVersion "1"]
[SourceVersionDate "2019.02.26"]
[SourceQuality "1"]

1. e4 c5 2. Nf3 Nc6 3. d4 cxd4 4. Nxd4 e5 5. Nb5 d6 6. N1c3 a6 7. Na3 Nf6 8. Bg5 Be7 9. Bxf6 Bxf6 10. Nc4 Be7 11. Nd5 b5 12. Nxe7 Kxe7 13. Ne3 Be6 14. Be2 Qa5+ 15. c3 b4 16. 0-0 bxc3 17. bxc3 Rab8 18. Bg4 Qc5 19. Bxe6 fxe6 20. Qg4 g6 21. h3 Rbf8 22. Rab1 Na5 23. Rb2 Rf4 24. Qg5+ Kd7 25. Rd1 Rhf8 26. Ng4 Kc6 27. Qe7 R4f7 28. Rxd6+ Qxd6 29. Rb6+ Kxb6 30. Qxd6+ 1-0

[Event "BCF-chT3N 1819 (4NCL)"]
[Site "England"]
[Date "2019.01.13"]
[Round "4.52"]
[White "Doran, Chris"]
[Black "Tyton, Adam"]
[Result "1/2-1/2"]
[WhiteElo "1965"]
[BlackElo "1930"]
[PlyCount "32"]
[EventDate "2018.11.10"]
[EventType "team-swiss"]
[EventRounds "11"]
[EventCountry "ENG"]
[SourceTitle "EXT 2021"]
[Source "ChessBase"]
[SourceDate "2020.10.23"]
[SourceVersion "1"]
[SourceVersionDate "2020.10.23"]
[SourceQuality "1"]
[WhiteTeam "Holmes Chapel"]
[BlackTeam "Manchester Manticores III"]
[WhiteTeamCountry "ENG"]
[BlackTeamCountry "ENG"]

1. e4 c6 2. Nc3 d5 3. Nf3 Bg4 4. h3 Bxf3 5. Qxf3 e6 6. d3 Nf6 7. Bd2 Bd6 8. 0-0-0 Nbd7 9. g4 Ne5 10. Qg2 Ng6 11. h4 Qc7 12. exd5 Nxd5 13. Nxd5 cxd5 14. d4 0-0-0 15. Bd3 Nf4 16. Bxf4 Bxf4+ 1/2-1/2

[Event "GBR-ch 105th Weekend op"]
[Site "Hull"]
[Date "2018.07.28"]
[Round "3"]
[White "Graff, Ben"]
[Black "Doran, Chris"]
[Result "1/2-1/2"]
[WhiteElo "1863"]
[BlackElo "1967"]
[PlyCount "65"]
[EventDate "2018.07.27"]
[EventType "swiss"]
[EventRounds "5"]
[EventCountry "ENG"]
[SourceTitle "EXT 2019"]
[Source "ChessBase"]
[SourceDate "2018.10.10"]
[SourceVersion "1"]
[SourceVersionDate "2018.10.10"]
[SourceQuality "1"]

1. d4 Nf6 2. Bf4 g6 3. Nc3 d5 4. Qd2 c6 5. Nf3 Nbd7 6. Bh6 Bxh6 7. Qxh6 Qa5 8. Nd2 b5 9. a3 Qb6 10. e3 a5 11. Bd3 Ba6 12. b4 a4 13. 0-0 0-0-0 14. Qf4 Rhf8 15. Be2 h5 16. Nf3 Bb7 17. e4 Nxe4 18. Nxe4 dxe4 19. Qxe4 e6 20. c3 Kb8 21. Rac1 Ka7 22. Qc2 Nf6 23. c4 Rc8 24. Rfd1 Nd7 25. Bd3 Ba6 26. Qe2 bxc4 27. Bxc4 Bxc4 28. Rxc4 Qb5 29. Qc2 Kb7 30. Rc1 Rc7 31. Nd2 f5 32. Nb1 Re8 33. Qd1 1/2-1/2

[Event "BCF-chT3N 1718 (4NCL)"]
[Site "England"]
[Date "2018.05.07"]
[Round "11.12"]
[White "Doran, Chris"]
[Black "Freeman, Gordon"]
[Result "0-1"]
[WhiteElo "1973"]
[BlackElo "2175"]
[PlyCount "78"]
[EventDate "2017.11.11"]
[EventType "team-swiss"]
[EventRounds "11"]
[EventCountry "ENG"]
[SourceTitle "EXT 2020"]
[Source "ChessBase"]
[SourceDate "2019.10.17"]
[SourceVersion "1"]
[SourceVersionDate "2019.10.17"]
[SourceQuality "1"]
[WhiteTeam "Holmes Chapel"]
[BlackTeam "Gonzaga"]
[WhiteTeamCountry "ENG"]
[BlackTeamCountry "IRL"]

1. e4 d6 2. d4 Nf6 3. Nc3 e5 4. Nf3 Nbd7 5. Bc4 Be7 6. 0-0 0-0 7. h3 c6 8. a4 Qc7 9. Re1 b6 10. Bb3 a6 11. Bg5 Bb7 12. Qe2 Rae8 13. dxe5 dxe5 14. Nh4 Nc5 15. Ba2 Ne6 16. Bxe6 fxe6 17. Be3 Bb4 18. f3 Nh5 19. Kh2 Qe7 20. g3 c5 21. Rf1 g5 22. Ng2 Bxc3 23. bxc3 h6 24. Rab1 Qc7 25. Qc4 Bc6 26. Qxa6 Rb8 27. Qc4 Rf6 28. Rf2 Ra8 29. Ra1 Qf7 30. Ne1 Ng7 31. Kg2 Qg6 32. g4 Raf8 33. Qe2 h5 34. Nd3 hxg4 35. hxg4 Rxf3 36. Rxf3 Qxe4 37. Nf2 Qxf3+ 38. Qxf3 Rxf3 39. Bd2 Rd3+ 0-1

[Event "Bolton Easter op"]
[Site "Bolton"]
[Date "2018.03.30"]
[Round "2"]
[White "Reed, John"]
[Black "Doran, Chris"]
[Result "0-1"]
[WhiteElo "1891"]
[BlackElo "1954"]
[PlyCount "90"]
[EventDate "2018.03.30"]
[EventType "swiss"]
[EventRounds "5"]
[EventCountry "ENG"]
[SourceTitle "CBM 183 Extra"]
[Source "ChessBase"]
[SourceDate "2018.04.19"]
[SourceVersion "1"]
[SourceVersionDate "2018.04.19"]
[SourceQuality "1"]

1. d4 Nf6 2. c4 g6 3. Nc3 Bg7 4. e4 d6 5. f4 0-0 6. Nf3 c5 7. d5 e6 8. Be2 exd5 9. cxd5 Bg4 10. 0-0 Nbd7 11. Re1 Re8 12. h3 Bxf3 13. Bxf3 a6 14. a4 Rb8 15. a5 b5 16. axb6 Qxb6 17. Re2 c4+ 18. Be3 Qb7 19. Qa4 Ra8 20. Qxc4 Rec8 21. Qa2 Nc5 22. Bxc5 Rxc5 23. e5 Ne8 24. Rae1 Rb8 25. Kh1 Qb4 26. exd6 Nxd6 27. Qxa6 Bxc3 28. bxc3 Rxc3 29. Qa7 Rbc8 30. Re3 Rc1 31. Qe7 Qxf4 32. Qe5 Qb4 33. Rxc1 Rxc1+ 34. Kh2 Nf5 35. Re4 Qb1 36. g3 Qd3 37. Bg2 Rc2 38. Qb8+ Kg7 39. Qe5+ f6 40. Qf4 Kf7 41. Ra4 Qxd5 42. Ra7+ Ne7 43. Qf1 Qc5 44. Rb7 Rc1 45. Bd5+ Qxd5 0-1

[Event "BCF-chT3N 1718 (4NCL)"]
[Site "England"]
[Date "2018.01.13"]
[Round "3.102"]
[White "Doran, Chris"]
[Black "Lewis, Christopher"]
[Result "1/2-1/2"]
[WhiteElo "1973"]
[BlackElo "1807"]
[PlyCount "38"]
[EventDate "2017.11.11"]
[EventType "team-swiss"]
[EventRounds "11"]
[EventCountry "ENG"]
[SourceTitle "EXT 2020"]
[Source "ChessBase"]
[SourceDate "2019.10.17"]
[SourceVersion "1"]
[SourceVersionDate "2019.10.17"]
[SourceQuality "1"]
[WhiteTeam "Holmes Chapel"]
[BlackTeam "Shropshire II"]
[WhiteTeamCountry "ENG"]
[BlackTeamCountry "ENG"]

1. e4 c6 2. d4 d5 3. e5 c5 4. c4 cxd4 5. Qxd4 Nc6 6. Qxd5 Qxd5 7. cxd5 Nxe5 8. Be3 Nf6 9. Nc3 a6 10. 0-0-0 g6 11. Be2 Ned7 12. Nf3 Bg7 13. h3 0-0 14. d6 Re8 15. dxe7 Rxe7 16. Rd2 b5 17. Rhd1 Bb7 18. a3 Rc8 19. Kb1 Nf8 1/2-1/2

[Event "North Wales op"]
[Site "Llandudno"]
[Date "2017.07.01"]
[Round "2"]
[White "Doran, Chris"]
[Black "Rahulan, Thivyaa"]
[Result "1-0"]
[WhiteElo "1977"]
[BlackElo "1623"]
[PlyCount "109"]
[EventDate "2017.06.30"]
[EventType "swiss"]
[EventRounds "5"]
[EventCountry "WLS"]
[SourceTitle "EXT 2019"]
[Source "ChessBase"]
[SourceDate "2018.10.10"]
[SourceVersion "1"]
[SourceVersionDate "2018.10.10"]
[SourceQuality "1"]

1. e4 c5 2. Nf3 Nc6 3. d4 cxd4 4. Nxd4 g6 5. Nc3 Bg7 6. Be3 Nf6 7. Bc4 0-0 8. Bb3 b6 9. f3 Bb7 10. Qd2 Re8 11. 0-0-0 Rc8 12. h4 Na5 13. h5 d5 14. e5 Nd7 15. f4 e6 16. hxg6 fxg6 17. g4 Qe7 18. Ndb5 d4 19. Bxd4 Bxh1 20. Rxh1 Red8 21. g5 Nc5 22. Qh2 Ncxb3+ 23. axb3 Bh8 24. Kb1 Rd7 25. Nd6 Rcd8 26. Nce4 Nb7 27. Nf6+ Bxf6 28. gxf6 Qf8 29. f7+ Rxf7 30. Nxf7 Qxf7 31. Be3 Na5 32. Qe2 Nc6 33. Rd1 Qe7 34. Qg4 Rxd1+ 35. Qxd1 Qd8 36. Qg4 Qd5 37. Qe2 h5 38. Qa6 Qd1+ 39. Bc1 Qd7 40. Qc4 Kf7 41. Be3 Ne7 42. Qf1 Nf5 43. Bf2 Kg7 44. Kc1 Qd5 45. Qh3 Qe4 46. Qh2 Qf3 47. Kd2 Kf7 48. Kc1 Ne3 49. Bxe3 Qxe3+ 50. Kb1 Qe1+ 51. Ka2 h4 52. Qg2 Kg7 53. Qg5 Qg3 54. Qf6+ Kh6 55. Qh8# 1-0

[Event "BCF-chT3N 1617 (4NCL)"]
[Site "England"]
[Date "2017.04.30"]
[Round "10.43"]
[White "Truman, Richard G"]
[Black "Doran, Chris"]
[Result "0-1"]
[WhiteElo "1941"]
[BlackElo "1977"]
[PlyCount "62"]
[EventDate "2016.11.26"]
[EventType "team-swiss"]
[EventRounds "11"]
[EventCountry "ENG"]
[SourceTitle "EXT 2019"]
[Source "ChessBase"]
[SourceDate "2018.10.10"]
[SourceVersion "1"]
[SourceVersionDate "2018.10.10"]
[SourceQuality "1"]
[WhiteTeam "Ashfield Breadsall"]
[BlackTeam "Holmes Chapel"]
[WhiteTeamCountry "ENG"]
[BlackTeamCountry "ENG"]

1. e4 c5 2. Nf3 d6 3. d4 cxd4 4. Nxd4 Nf6 5. Nc3 g6 6. Be2 Bg7 7. Be3 Nc6 8. 0-0 0-0 9. Nb3 Be6 10. f4 Rc8 11. Bf3 Nd7 12. Nd4 Nxd4 13. Bxd4 Bxd4+ 14. Qxd4 Qa5 15. Rf2 a6 16. f5 Bc4 17. e5 Nxe5 18. Bxb7 Rc7 19. Bd5 Qc5 20. Qxc5 Rxc5 21. Rd1 gxf5 22. b4 Rc7 23. Rxf5 e6 24. Rg5+ Ng6 25. Bf3 d5 26. Rd4 Bxa2 27. Nxa2 Rxc2 28. Rh4 Kg7 29. Rh3 Rxa2 30. Rgh5 Rc8 31. Rxh7+ Kg8 0-1